[Event "La Pampa-ch"]
[Site "Santa Rosa"]
[Date "2019.10.19"]
[Round "2.1"]
[White "Flores Becerra, Franco"]
[Black "Mansilla, Martin"]
[Result "0-1"]
[WhiteElo "1807"]
[BlackElo "2188"]
[PlyCount "74"]
[EventDate "2019.10.18"]
[EventType "tourn"]
[EventRounds "5"]
[EventCountry "ARG"]
[SourceTitle "EXT 2024"]
[Source "ChessBase"]
[SourceDate "2023.10.10"]
[SourceVersion "1"]
[SourceVersionDate "2023.10.10"]
[SourceQuality "1"]

1. c4 Nf6 2. Nc3 c5 3. Nf3 Nc6 4. d4 cxd4 5. Nxd4 e5 6. Nc2 a6 7. e4 d6 8. Be2 Be7 9. Be3 0-0 10. 0-0 Be6 11. Qd2 Ne8 12. f4 exf4 13. Bxf4 Ne5 14. b3 Nf6 15. h3 b5 16. c5 Rc8 17. Bxe5 dxe5 18. Qxd8 Bxc5+ 19. Kh2 Rfxd8 20. Rac1 Ba7 21. Nb4 Be3 22. Rcd1 Bd4 23. Ncd5 Nxd5 24. exd5 Bxd5 25. Bg4 Rc3 26. Bf3 Bxf3 27. Rxf3 Rxf3 28. gxf3 Rc8 29. f4 f6 30. Kg3 Rc3+ 31. Kg2 a5 32. fxe5 Bxe5 33. Rd8+ Kf7 34. Nd3 Ke7 35. Rd5 Ke6 36. Rd8 Bc7 37. Rd4 Bb6 0-1

[Event "ARG-ch sf U2000/2300 Ruiz Memorial"]
[Site "General Pico"]
[Date "2017.09.02"]
[Round "2.3"]
[White "Flores Becerra, Franco"]
[Black "Besso, Javier Alejandro"]
[Result "0-1"]
[WhiteElo "1915"]
[BlackElo "1825"]
[PlyCount "56"]
[EventDate "2017.09.02"]
[EventType "swiss"]
[EventRounds "6"]
[EventCountry "ARG"]
[SourceTitle "EXT 2024"]
[Source "ChessBase"]
[SourceDate "2023.10.10"]
[SourceVersion "1"]
[SourceVersionDate "2023.10.10"]
[SourceQuality "1"]

1. Nf3 Nf6 2. c4 c5 3. Nc3 d5 4. d4 e6 5. Bg5 Be7 6. dxc5 0-0 7. Rc1 dxc4 8. Qa4 Bxc5 9. Qxc4 Qb6 10. e3 Na6 11. Bd3 Nd5 12. Nxd5 exd5 13. Qc2 h6 14. a3 hxg5 15. Bxa6 Bxe3 16. fxe3 Qxe3+ 17. Be2 Re8 18. Qd2 Qb6 19. Qd4 Qb5 20. Rc2 Bf5 21. Rd2 Rad8 22. Kf2 Qc6 23. Re1 Re4 24. Qc3 Qh6 25. h3 d4 26. Qc5 g6 27. Bd3 Rf4 28. Bxf5 Rxf5 0-1

[Event "ARG-ch sf U2000/2300 Ruiz Memorial"]
[Site "General Pico"]
[Date "2017.09.02"]
[Round "1.1"]
[White "Rossi, Juan"]
[Black "Flores Becerra, Franco"]
[Result "1/2-1/2"]
[WhiteElo "1754"]
[BlackElo "1915"]
[PlyCount "106"]
[EventDate "2017.09.02"]
[EventType "swiss"]
[EventRounds "6"]
[EventCountry "ARG"]
[SourceTitle "EXT 2024"]
[Source "ChessBase"]
[SourceDate "2023.10.10"]
[SourceVersion "1"]
[SourceVersionDate "2023.10.10"]
[SourceQuality "1"]

1. e4 Nf6 2. Nc3 d5 3. exd5 Nxd5 4. Nxd5 Qxd5 5. d4 Nc6 6. Nf3 Bg4 7. Be2 e6 8. 0-0 Rd8 9. c3 Be7 10. Bf4 Rd7 11. Ne5 Nxe5 12. Bxe5 Bxe2 13. Qxe2 c5 14. dxc5 Qxc5 15. Bxg7 Rg8 16. Be5 Rd5 17. Bd4 Qc6 18. f4 h5 19. Rf3 b6 20. Raf1 h4 21. f5 Rxf5 22. Rxf5 exf5 23. Rxf5 h3 24. g3 Rg4 25. Re5 Qd7 26. Rh5 Kd8 27. Qe5 Bd6 28. Qd5 Ke7 29. Rf5 Ke8 30. Rf6 Rg6 31. Rxg6 fxg6 32. Qg8+ Bf8 33. Qxg6+ Kd8 34. Qe4 Bc5 35. Bxc5 bxc5 36. Qa8+ Ke7 37. Qe4+ Kd8 38. Kf2 Qf7+ 39. Ke3 Qxa2 40. Qh4+ Kc7 41. Qxh3 Qxb2 42. Qh7+ Kb6 43. Qg7 Qxh2 44. Kd3 Qh5 45. g4 Qd5+ 46. Kc2 Qe4+ 47. Kb3 Qb1+ 48. Kc4 Qe4+ 49. Kb3 a5 50. Qf7 Qxg4 51. Qe7 c4+ 52. Ka3 Qf4 53. Qe6+ Kc7 1/2-1/2

[Event "ARG-ch sf U2000"]
[Site "San Luis"]
[Date "2015.07.25"]
[Round "2"]
[White "Ortega, Agustin"]
[Black "Flores Becerra, Franco"]
[Result "1-0"]
[WhiteElo "1821"]
[BlackElo "1893"]
[PlyCount "117"]
[EventDate "2015.07.25"]
[EventType "swiss"]
[EventRounds "6"]
[EventCountry "ARG"]
[SourceTitle "EXT 2024"]
[Source "ChessBase"]
[SourceDate "2023.10.10"]
[SourceVersion "1"]
[SourceVersionDate "2023.10.10"]
[SourceQuality "1"]

1. e4 Nf6 2. e5 Nd5 3. d4 d6 4. Nf3 e6 5. c4 Nb6 6. exd6 cxd6 7. Nc3 N8d7 8. Bd3 Be7 9. 0-0 0-0 10. Re1 Nf6 11. Qe2 Nbd7 12. Bg5 b6 13. Rad1 Bb7 14. Ne4 d5 15. Nxf6+ Bxf6 16. Bxf6 Qxf6 17. Ne5 Nxe5 18. dxe5 Qh4 19. cxd5 Bxd5 20. Be4 Bxe4 21. Qxe4 Qe7 22. Rd3 Rad8 23. Red1 Rxd3 24. Qxd3 Qc5 25. Qd4 Qa5 26. a3 h6 27. g3 Rc8 28. Kg2 Qb5 29. Qd7 Qc6+ 30. Qxc6 Rxc6 31. Rd8+ Kh7 32. Rd7 a5 33. Rxf7 Kg6 34. Rf3 Rc5 35. Rb3 b5 36. f4 Kf5 37. Kf3 h5 38. h3 g5 39. g4+ Kg6 40. Rd3 gxf4 41. Kxf4 hxg4 42. hxg4 Rc4+ 43. Kf3 Kg5 44. Rd6 Rc2 45. Rxe6 Rxb2 46. Rb6 Rb3+ 47. Ke4 Rxa3 48. Rxb5 Ra4+ 49. Kd5 Rxg4 50. Rxa5 Rg1 51. Kd6 Re1 52. Ke7 Kg6 53. e6 Rb1 54. Rd5 Rb6 55. Rd7 Rb8 56. Rc7 Rh8 57. Kd7 Kf6 58. e7 Kf7 59. Rc2 1-0